000 00318 a2200145 4500
001 180925
020 _a
040 _cMagnum
100 _aSouza, Geraldo Eustaquio de
240 1 0 _aEu comigo aqui e agora
_lpor
245 1 0 _aEu comigo aqui e agora
362 0 _a1899
697 _aMAGNITO: J/SONHOS
942 _cBK
999 _c180925
_d180925